Uno sguardo su Pisa ellenistica da piazza del Duomo : lo scavo del saggio D 1985-1988 /
Excavations in Pisa carried out between 1985 and 1988 in Piazza del Duomo, close to the Leaning Tower (saggio D) provided much new data regarding the origins of the city. This book studies the ceramic finds and redefines the role of Pisa in the Hellenistic period as one of the major trade centres of...
المؤلف الرئيسي:
التنسيق: كتاب الكتروني
اللغة: Italian
منشور في:
Oxford :
Archaeopress Access Archaeology,
2019.
سلاسل:
Access archaeology.
الموضوعات:
الوصول للمادة أونلاين: Login to view Source
الوسوم: إضافة وسم
رقم الطلب: DG70.P57
| LEADER | 01928nam a2200409 i 4500 | ||
|---|---|---|---|
| 001 | EDZ0002179323 | ||
| 003 | StDuBDS | ||
| 005 | 20230412182659.0 | ||
| 006 | m|||||o||d|||||||| | ||
| 007 | cr ||||||||||| | ||
| 008 | 200206s2019 enka fob 000|0|ita|d | ||
| 020 | |a 9781789694017 (ebook) : |c No price | ||
| 040 | |a StDuBDS |b eng |c StDuBDS |e rda |e pn | ||
| 041 | 0 | |a ita |b eng | |
| 050 | 4 | |a DG70.P57 | |
| 082 | 0 | 4 | |a 937.55 |2 23 |
| 100 | 1 | |a Taccola, Emanuele, |e author. | |
| 245 | 1 | 4 | |a Uno sguardo su Pisa ellenistica da piazza del Duomo : |b lo scavo del saggio D 1985-1988 / |c Emanuele Taccola. |
| 264 | 1 | |a Oxford : |b Archaeopress Access Archaeology, |c 2019. | |
| 300 | |a 1 online resource (410 pages) : |b illustrations (black and white, and colour). | ||
| 336 | |a text |2 rdacontent | ||
| 337 | |a computer |2 rdamedia | ||
| 338 | |a online resource |2 rdacarrier | ||
| 490 | 1 | |a Access archaeology | |
| 500 | |a "Available both in print and Open Access"--Home page. | ||
| 504 | |a Includes bibliographical references. | ||
| 520 | 8 | |a Excavations in Pisa carried out between 1985 and 1988 in Piazza del Duomo, close to the Leaning Tower (saggio D) provided much new data regarding the origins of the city. This book studies the ceramic finds and redefines the role of Pisa in the Hellenistic period as one of the major trade centres of northern coastal Etruria. | |
| 521 | |a Specialized. | ||
| 546 | |a Text in Italian, with an abstract in English. | ||
| 588 | |a Description based on online resource; title from PDF title page (viewed on February 6, 2020). | ||
| 651 | 0 | |a Pisa (Italy) |x Antiquities. | |
| 776 | 0 | 8 | |i Print version : |z 9781789694000 |
| 830 | 0 | |a Access archaeology. | |
| 856 | 4 | 0 | |3 Archaeopress |u http://library.arce.org:8087/Archaeopress/Products/9781789694000 |
| 942 | |2 lcc |c EBOOK | ||
| 952 | |0 0 |1 0 |4 0 |6 DG0070 P57 |7 1 |9 46635 |a ARCH |b ARCH |d 2023-04-12 |l 0 |o DG70.P57 |r 2023-04-12 00:00:00 |w 2023-04-12 |y EBOOK | ||
| 999 | |c 52293 |d 52293 | ||
